000 00241nam a2200109Ia 4500
008 190216s9999||||xx |||||||||||||| ||und||
100 _aPrem Chand
245 0 _aHindi-Premeswan
260 _bSaraswathi Press
650 _aHindi
942 _cBK
999 _c15247
_d15247